00488nam a2200193 a 4500001001300000003000900013005001700022008004100039020001000080082001400090100001600104245003300120260004500153300000900198500003500207505002000242650001600262700001600278nice12345678IN_TiNIC20260116011620.0080505s1941 lona grp 000 0 eng  ac10000a232bMAR1 aMartin, A D aA Plain Man`s Life of Christ aLondonbGeorge Allen and Unwin Ltdc1941 a229p aincludes index and biblioraphy2 aAppendix, Index aChristology1 aMartin, A D